00139nam a22000737a 4500040000800000082001800008100002400026245001500050 cDLC a891.4393bMAN aManto, Sadat Hassan aPhundany /